| 000 | 00000cas 2200000za 4500 |
| 001 | 9.507873 |
| 003 | CaOODSP |
| 005 | 20260121134730 |
| 007 | cr ||||||||||| |
| 008 | 150406c19829999onctr p o f0 a0eng|d |
| 040 | |aCaOODSP|beng |
| 043 | |an-cn--- |
| 086 | 1 |aD12-21E-PDF |
| 245 | 00|aMaritime engineering journal |h[electronic resource] : |bCanada's naval technical forum. |
| 260 | |aOttawa : |bNational Defence, |c1982- |
| 310 | |aThree times a year, |b2014- |
| 321 | |aThree times a year (irregular), |b1986-2000 |
| 321 | |aBiennial, |b1982-1985, 2001-2013 |
| 362 | 1 |aBegan with summer 1982. |
| 500 | |aTitle from cover. |
| 500 | |aIssued also in French under title: Revue du génie maritime. |
| 520 | |a"The Maritime Engineering Journal is an unofficial publication of the Canadian Armed Forces published by the Director General Maritime Equipment Program Management." - p. [1], Fall 2015. |
| 546 | |aText in English, includes some text in French. |
| 550 | |aIssued summer 1983-1984 by Directorate of Marine and Electrical Engineering; winter 1985-2006 by Director General Maritime Engineering and maintenance; spring 2007- by Director General Maritime Equipment Program Management. |
| 692 | 07|2gccst|aMilitary engineering |
| 692 | 07|2gccst|aArmed forces |
| 710 | 1 |aCanada. |bDepartment of National Defence. |
| 775 | 08|tRevue du génie maritime |w(CaOODSP)9.504251 |